Loading...
| Fine Arts - Classical Music | 0 | 9 | 2 | 2 | 80 | 55 | 87.44 | 2 | 5 | 0.00 | 0.00 |
| Fine Arts - Other | 0 | 8 | 1 | 2 | 75 | 26 | 100.50 | 2 | 3 | 0.00 | 0.00 |
| Painting & Sculpture | 0 | 8 | 2 | 3 | 70 | 33 | 105.88 | 2 | 2 | 0.00 | 0.00 |
| Religion | 0 | 3 | 0 | 2 | 30 | 111 | 120.00 | 0 | 0 | 0.00 | 0.00 |
| History - American | 0 | 3 | 0 | 0 | 30 | 11 | 79.00 | 1 | 1 | 0.00 | 0.00 |
| Other Academic | 0 | 2 | 0 | 1 | 20 | 81 | 122.00 | 0 | 0 | 0.00 | 0.00 |
| Geography | 0 | 2 | 0 | 0 | 20 | 79 | 93.50 | 0 | 0 | 0.00 | 0.00 |
| Any History | 0 | 3 | 3 | 0 | 15 | 37 | 54.67 | 2 | 3 | 0.00 | 0.00 |
| Social Science | 0 | 1 | 0 | 1 | 10 | 139 | 139.00 | 0 | 0 | 0.00 | 0.00 |
| Current Events | 0 | 1 | 0 | 0 | 10 | 126 | 126.00 | 0 | 0 | 0.00 | 0.00 |
| Literature - British | 0 | 1 | 0 | 1 | 10 | 114 | 114.00 | 0 | 0 | 0.00 | 0.00 |
| History - World | 0 | 1 | 1 | 0 | 5 | 86 | 86.00 | 0 | 1 | 0.00 | 0.00 |
| Science - Other | 0 | 0 | 1 | 0 | -5 | 0.00 | 0 | 0 | 0.00 | 0.00 | |
| History - European | 0 | 0 | 2 | 0 | -10 | 0.00 | 0 | 0 | 0.00 | 0.00 |